000
nam a22 7a 4500
999
_c
330538
_d
330538
005
20170720155022.0
008
170719b xxu||||| |||| 00| 0 eng d
040
_c
NUST
082
_a
658.421
245
_a
Program Design : Trainers' manual
260
_b
ECDI
300
_a
72p
942
_2
ddc
_c
BK